01823cas a2200409 45000010009000000050017000090070007000260080041000330100017000740220025000910320017001160350024001330370104001570400144002610410011004050420013004160430021004290500018004500820022004682100021004902220033005112450034005442600125005783000015007033100014007183620023007325000072007555300069008275300024008965460023009205500206009436500040011497100026011897100055012157100054012707760089013241116727420050211182550.0cr un-730711c19719999cauqr1p 0 a0eng  a 72960892  a0377-919Xy0377-919Z a736270bUSPS a(OCoLC)ocm01784372  bJournal of Palestine Studies, University of California Press, 2120 Berkeley Way, Berkeley, CA 94720 aDLCcDLCdOCoLCdNSDPdAIPdNSTdAIPdNSDPdOCoLCdNSDPdNSTdMHdNSTdNSDPdNSTdOCoLCdMHdCU-SdMCMdDNLMdOCoLCdMCMdOCoLCdOCoLCdDLC aengfre alcansdp aa-is---ama----- aDS119.7b.J63 a327.5694/017/4927 aJ. Palest. stud. aJournal of Palestine studies aJournal of Palestine studies. aBerkeley, CA [etc.]bUniversity of California Press for Kuwait University and the Institute for Palestine Studies [etc.] av.c24 cm. aQuarterly av. 1- autumn 1971- a"A quarterly on Palestinian affairs and the Arab-Israeli conflict." aIssued also in microfilm by University Microfilms International. aAlso issued online. aEnglish or French. aVols. for 1971- issued by the Institute for Palestine Studies (Beirut, Lebanon) and Kuwait University; for by the Institute for Palestine Studies (Washington, D.C.) and Kuwait University. aJewish-Arab relationsvPeriodicals. aJāmiʻat al-Kuwayt. aInstitute for Palestine Studies (Washington, D.C.) aMuʼassasat al-Dirāsāt al-Filasṭīnīyah. tJournal of Palestine studies (Online)x0377-919Xw(DLC) 2001227385w(OCoLC)48535356